000 00874nam a2200217 a 4500
001 78914
003 BD-RjUL
005 20211209083205.0
008 211129s2018 su d 00010 ara d
020 _a9789777711043
_c: tk.650.00
035 _a(BD-RjUL)79141
040 _aNNC
_cNNC
_dPPT
_dUaCaAUL
_dUkOxU
_beng
041 _aara
082 _223
_a297.403
_bJUT 2018
100 1 _aجرجاني، علي بن محمد، ;; Jurjānī, ʿAlī ibn Muḥammad,
_d1340-1413.
_9250728
245 1 4 _aالتعريفات /;; al-Taʿrīfāt /
_cأبو الحسن علي بن محمد بن علي الجرجاني.;; Abū al-Ḥasan ʿAlī ibn Muḥammad ibn ʿAlī al-Jurjānī.
260 _a[Al Qahira] :
_bDār Ibn Zawji ,
_c2018
300 _a304 p. ;
_c24 cm.
650 0 _aSufism
_vDictionaries
_xArabic.
_9250729
942 _2ddc
_cBK
999 _c78914
_d78914